Memorandum by the Council of the Surveyors' Institution on the proposals to levy rates and taxes on the unimproved site value of land (Record no. 113317)

MARC details
000 -LEADER
fixed length control field 00707cam a22001815a 4500
001 - CONTROL NUMBER
control field L155092
008 - FIXED-LENGTH DATA ELEMENTS--GENERAL INFORMATION
fixed length control field 120228s1912 xxk f 000 0 eng d
035 ## - SYSTEM CONTROL NUMBER
System control number (Sirsi) u155092
041 0# - LANGUAGE CODE
Language code of text/sound track or separate title eng
110 2# - MAIN ENTRY--CORPORATE NAME
Corporate name or jurisdiction name as entry element Surveyors' Institution
9 (RLIN) 3783
245 00 - TITLE STATEMENT
Title Memorandum by the Council of the Surveyors' Institution on the proposals to levy rates and taxes on the unimproved site value of land
260 ## - PUBLICATION, DISTRIBUTION, ETC.
Place of publication, distribution, etc. London
Name of publisher, distributor, etc. Surveyors' Institution
Date of publication, distribution, etc. 1912
300 ## - PHYSICAL DESCRIPTION
Extent 7p.
Dimensions 32cm.
520 ## - SUMMARY, ETC.
Summary, etc. Includes a schedule of rateabe values and actual rates paid for various types of residential and commercial property in London and the provinces.
651 #4 - SUBJECT ADDED ENTRY--GEOGRAPHIC NAME
Geographic name United Kingdom
Chronological subdivision
690 ## - LOCAL SUBJECT ADDED ENTRY--TOPICAL TERM (OCLC, RLIN)
Topical term or geographic name as entry element Finance and taxation
942 ## - ADDED ENTRY ELEMENTS (KOHA)
Suppress in OPAC 0
Holdings
Withdrawn status Lost status Source of classification or shelving scheme Damaged status Not for loan Home library Current library Shelving location Date acquired Total Checkouts Full call number Barcode Date last seen Copy number Price effective from Koha item type
    Dewey Decimal Classification     Historic collection Historic collection RICS Boxes 28/02/2012   RICS 1912/50 30013813 06/08/2019 1 06/08/2019 Archive